De Laval handbook; an engineering data book for users of pumps, turbines, compressors, and gears.
Guardado en:
| Institution som forfatter: | |
|---|---|
| Andre forfattere: | |
| Format: | Bog |
| Sprog: | English |
| Udgivet: |
Trenton,
1955.
|
| Udgivelse: | 2d ed. |
| Fag: | |
| Tags: |
Tilføj Tag
Ingen Tags, Vær først til at tagge denne postø!
|
MARC
| LEADER | 00000nam a2200000Ia 4500 | ||
|---|---|---|---|
| 003 | 003327 | ||
| 005 | 20221231143956.0 | ||
| 008 | 140114s1955 njua 000 ||eng d | ||
| 040 | |c cru CEDI | ||
| 082 | |a 621.165 D278d | ||
| 110 | |9 21704 |a De Laval Steam Turbine Company. | ||
| 245 | |a De Laval handbook; an engineering data book for users of pumps, turbines, compressors, and gears. | ||
| 246 | |a De Laval engineering handbook. | ||
| 250 | |a 2d ed. | ||
| 260 | |a Trenton, |c 1955. | ||
| 300 | |a 336 páginas; ilustraciones. 21 cm. | ||
| 650 | |x TURBINAS DE VAPOR |x TURBOMAQUINAS |9 21706 | ||
| 700 | |9 21705 |a Church, Austin Harris, 1906- |d Editor/a | ||
| 942 | |2 ddc |c BK | ||
| 999 | |c 15041 |d 15041 | ||
